<?xml version="1.0" encoding="UTF-8"?>
<record
    xmlns:xsi="http://www.w3.org/2001/XMLSchema-instance"
    xsi:schemaLocation="http://www.loc.gov/MARC21/slim http://www.loc.gov/standards/marcxml/schema/MARC21slim.xsd"
    xmlns="http://www.loc.gov/MARC21/slim">

  <leader>00789nam a2200205   4500</leader>
  <controlfield tag="003">LK-CoMWRAF</controlfield>
  <controlfield tag="005">20240122122410.0</controlfield>
  <controlfield tag="008">230908b2007    |||||||| |||| 00| 0 eng d</controlfield>
  <datafield tag="020" ind1=" " ind2=" ">
    <subfield code="a">9789559180081</subfield>
  </datafield>
  <datafield tag="040" ind1=" " ind2=" ">
    <subfield code="a">LK-CoMWRAF</subfield>
    <subfield code="d">LK-CoMWRAF</subfield>
    <subfield code="e">LK-CoMWRAF</subfield>
  </datafield>
  <datafield tag="041" ind1=" " ind2=" ">
    <subfield code="a">sin</subfield>
  </datafield>
  <datafield tag="082" ind1=" " ind2=" ">
    <subfield code="a">494.81</subfield>
    <subfield code="b">SUS</subfield>
  </datafield>
  <datafield tag="100" ind1=" " ind2=" ">
    <subfield code="a">&#xDC3;&#xDD4;&#xDC3;&#xDD3;&#xDB1;&#xDCA;&#xDAF;&#xDD2;&#xDBB;&#xDBB;&#xDCF;&#xDA2;&#xDCF;, &#xD91;&#xDC3;&#xDCA;</subfield>
    <subfield code="v">Suseendiraraja, S</subfield>
  </datafield>
  <datafield tag="110" ind1=" " ind2=" ">
    <subfield code="a">&#xDB1;&#xDD2;&#xDBD;&#xDCA;&#xDBD;&#xDDB;&#xDBA;&#xDD2;&#xDB1;&#xDCF;&#xDAF;&#xDB1;&#xDCA;, &#xD91;&#xDC3;&#xDCA; | &#xDA2;&#xDBA;&#xD9A;&#xDDC;&#xDA9;&#xDD2;, &#xD85;&#xDB6;&#xDDA;&#xDC3;&#xDD2;&#xD82;&#xDC4;</subfield>
  </datafield>
  <datafield tag="245" ind1=" " ind2=" ">
    <subfield code="a">&#xD9A;&#xDAE;&#xDB1; &#xDAF;&#xDD9;&#xDB8;&#xDC5; &#xDB6;&#xDC3;</subfield>
  </datafield>
  <datafield tag="246" ind1=" " ind2=" ">
    <subfield code="a">Kathana demala basa</subfield>
  </datafield>
  <datafield tag="300" ind1=" " ind2=" ">
    <subfield code="a">&#xD9A;&#xDDC;&#xDC5;&#xDB9; :</subfield>
    <subfield code="b">&#xDBB;&#xDCF;&#xDA2;&#xDCA;&#x200D;&#xDBA; &#xDB7;&#xDCF;&#xDC2;&#xDCF; &#xDAF;&#xDD9;&#xDB4;&#xDCF;&#xDBB;&#xDCA;&#xDAE;&#xDB8;&#xDDA;&#xDB1;&#xDCA;&#xDAD;&#xDD4;&#xDC0;,</subfield>
    <subfield code="c">2007</subfield>
  </datafield>
  <datafield tag="856" ind1=" " ind2=" ">
    <subfield code="u">https://www.languagesdept.gov.lk/web/images/PDF/publication/Book%2001.pdf</subfield>
  </datafield>
  <datafield tag="942" ind1=" " ind2=" ">
    <subfield code="c">BK</subfield>
  </datafield>
  <datafield tag="952" ind1=" " ind2=" ">
    <subfield code="0">0</subfield>
    <subfield code="1">0</subfield>
    <subfield code="4">0</subfield>
    <subfield code="7">0</subfield>
    <subfield code="a">MAIN</subfield>
    <subfield code="b">MAIN</subfield>
    <subfield code="d">2023-09-08</subfield>
    <subfield code="l">0</subfield>
    <subfield code="o">494.81 SUS</subfield>
    <subfield code="p">RAF930</subfield>
    <subfield code="r">2023-09-08</subfield>
    <subfield code="w">2023-09-08</subfield>
    <subfield code="y">BK</subfield>
  </datafield>
  <datafield tag="952" ind1=" " ind2=" ">
    <subfield code="0">0</subfield>
    <subfield code="1">0</subfield>
    <subfield code="4">0</subfield>
    <subfield code="7">0</subfield>
    <subfield code="a">MAIN</subfield>
    <subfield code="b">MAIN</subfield>
    <subfield code="d">2023-12-14</subfield>
    <subfield code="l">0</subfield>
    <subfield code="o">494.81 SUS</subfield>
    <subfield code="p">RAF4817</subfield>
    <subfield code="r">2023-12-14</subfield>
    <subfield code="w">2023-12-14</subfield>
    <subfield code="y">BK</subfield>
  </datafield>
  <datafield tag="999" ind1=" " ind2=" ">
    <subfield code="c">3478</subfield>
    <subfield code="d">3478</subfield>
  </datafield>
</record>
